000 00417nam a2200181Ia 4500
001 1688
005 20260306143746.0
008 260306t1997||||xx |||||||||||||| ||spa||
041 _aESP
082 _a155
_bP25 1997
100 _aPapalia, Diane E.
_eAUT
245 0 _aDesarrollo humano
260 _c1997
300 _axxx, 745 páginas :
_c27 cm.
650 _aGEN
654 _aCPS
942 _cLIB
_dJUS
_fJUS
_2ddc
_n
999 _c1688
_d1688